000 00613nam a2200241 a 4500
001 nice12345678
003 IN_TiNIC
005 20260116011847.0
008 050524s1974 bana grp 000 0 eng
020 _a
_c100
082 0 0 _a226
_bWIJ
100 _aWijngaarda, J N M
245 _aBackground to the Gospels.
260 _aBangalore
_bTheological Publications in India
_c1974
300 _a344p
500 _aincludes index and biblioraphy
505 2 _aIndex of name and topics
650 _aBible N.T. Gospel
700 1 _aWijngaarda, J N M
902 _bSRS
942 _cBK
999 _c4522
_d4522